Statistics for Skin and Bones by David Kushner

Click here to take the quiz!

General Stats

  • This quiz has been taken 9 times
  • The average score is 151 of 271

Answer Stats

Answer% Correct
a
100%
bones
100%
I
100%
skin
100%
and
88%
the
88%
you
88%
control
75%
down
75%
feel
75%
in
75%
like
75%
Lord
75%
me
75%
my
75%
yeah
75%
bullet
63%
cherry
63%
control
63%
fantasize
63%
gonna
63%
I'm
63%
is
63%
it
63%
know
63%
lips
63%
loose
63%
oh
63%
spine
63%
wrap
63%
your
63%
you're
63%
all
50%
as
50%
but
50%
close
50%
condone
50%
electrical
50%
forgive
50%
fullest
50%
heavens
50%
layers
50%
pull
50%
she
50%
shivers
50%
to
50%
wine
50%
wont
50%
at
38%
die
38%
don't
38%
exposin
38%
false
38%
flesh
38%
has
38%
hear
38%
holy
38%
kiss
38%
lies
38%
need
38%
needs
38%
of
38%
one
38%
poisonous
38%
prophet
38%
pulpit
38%
red
38%
soul
38%
wayward
38%
women
38%
condition
25%
deceivin
25%
erodin
25%
flatter
25%
from
25%
mm
25%
stop
25%
talk
25%
wanna
25%
be
13%
drippin
13%
honey
13%
just
13%
part
13%
sacrificed
13%
salvation
13%
see
13%
she's
13%
swine
13%
teeth
13%
there's
13%
baby
0%
deceit
0%
give
0%
if
0%
love's
0%
no
0%
or
0%
spirit
0%
truth
0%

Score Distribution

Percentile by Number Answered

Percent of People with Each Score

Your Score History

You have not taken this quiz